Redes de aprendizaje: guía para la enseñanza y el aprendizaje en red

Gespeichert in:
Bibliographische Detailangaben
Hauptverfasser: Harasim, Linda Marie (VerfasserIn), Hiltz, Starr Roxanne (VerfasserIn), Turoff, Murray (VerfasserIn), Teles, Lucio (VerfasserIn)
Format: Buch
Sprache:Spanisch
Veröffentlicht: Barcelona Gedisa 2000
Schriftenreihe:Biblioteca de Educación. Nuevas Tecnologías, 4
Schlagworte:
Tags: Tag hinzufügen
Keine Tags, Fügen Sie den ersten Tag hinzu!

MARC

LEADER 00000nam a2200000 a 4500
001 UCM8315
003 CL-VaPUC
008 030307e20000000SP |||||||||||||||||spa|d
020 |a 8474328152 
082 0 4 |a 371.334  |b HAR  |2 21 
100 0 |a Harasim, Linda Marie  |e author  |9 474309 
700 0 |a Hiltz, Starr Roxanne  |e author  |9 474310 
700 0 |a Turoff, Murray  |e author  |9 474311 
700 0 |a Teles, Lucio  |e author  |9 474312 
245 1 0 |a Redes de aprendizaje: guía para la enseñanza y el aprendizaje en red 
300 |a 350 p 
942 |c BK 
945 |d 20030307 00:00:00  |a vberengu 
260 |a Barcelona  |b Gedisa  |c 2000 
650 0 |a Métodos de aprendizaje  |9 334464 
650 7 |a MATERIAL Y EQUIPO DIDACTICOS  |2 CL-VaPUC  |9 309109 
650 0 |a Tecnología educacional  |9 307265 
583 |a last modification  |c 20030307 00:00:00  |k Rodrigo Vera 
490 0 |a Biblioteca de Educación. Nuevas Tecnologías, 4 
999 |c 302853  |d 302851 
952 |0 0  |1 0  |4 0  |6 371_334000000000000_HAR_2000  |7 0  |8 A  |9 363643  |a BIBEDU  |b BIBEDU  |d 2019-11-21  |i 3848639  |o 371.334 HAR 2000  |p 3848639  |r 2019-11-21  |w 2019-11-21  |y BK  |k PSI 
952 |0 0  |1 0  |4 0  |6 371_334000000000000_HAR_2000  |7 0  |8 A  |9 363644  |a BIBGIM  |b BIBGIM  |d 2019-11-21  |i 4042107  |o 371.334 HAR 2000  |p 4042107  |r 2025-01-15  |w 2019-11-21  |y BK  |k EST